[Event "BRA-ch U16 Girls"]
[Site "Sao Paulo"]
[Date "2012.04.29"]
[Round "3"]
[White "Passaretti, Bianca Elias"]
[Black "Martinelli, Ana Carolina Candid"]
[Result "1/2-1/2"]
[WhiteElo "1800"]
[BlackElo "1563"]
[PlyCount "70"]
[EventDate "2012.04.28"]
[EventType "swiss"]
[EventRounds "7"]
[EventCountry "BRA"]
[SourceTitle "CBM 148 Extra"]
[Source "ChessBase"]
[SourceDate "2012.06.22"]
[SourceVersion "1"]
[SourceVersionDate "2012.06.22"]
[SourceQuality "1"]

1. e4 d6 2. d4 Nf6 3. Bd3 g6 4. Nf3 Bg7 5. 0-0 0-0 6. h3 c5 7. c3 b6 8. Be3 Bb7 9. Nbd2 Nbd7 10. Re1 Rc8 11. Rc1 a6 12. Bg5 b5 13. b3 h6 14. Bh4 cxd4 15. cxd4 Qb6 16. a3 e5 17. d5 Nc5 18. Bc2 g5 19. Bg3 Nh5 20. Bh2 Nf4 21. Bxf4 exf4 22. b4 Nd7 23. Nb3 Rfe8 24. Rb1 Ne5 25. Nbd2 Nxf3+ 26. Nxf3 Rc3 27. Rb3 Rec8 28. Re2 R8c7 29. Rd2 Bc8 30. Nh2 f5 31. Qe2 Rxb3 32. Bxb3 Rc1+ 33. Rd1 Rxd1+ 34. Qxd1 Qd4 35. exf5 Bxf5 1/2-1/2

[Event "BRA-ch U16 Girls"]
[Site "Sao Paulo"]
[Date "2012.04.28"]
[Round "2"]
[White "Marques, Gabriela Angelica"]
[Black "Passaretti, Bianca Elias"]
[Result "0-1"]
[WhiteElo "1745"]
[BlackElo "1800"]
[PlyCount "144"]
[EventDate "2012.04.28"]
[EventType "swiss"]
[EventRounds "7"]
[EventCountry "BRA"]
[SourceTitle "CBM 148 Extra"]
[Source "ChessBase"]
[SourceDate "2012.06.22"]
[SourceVersion "1"]
[SourceVersionDate "2012.06.22"]
[SourceQuality "1"]

1. d4 d6 2. c4 Nf6 3. Nc3 e6 4. Nf3 d5 5. e3 Bb4 6. Bd2 0-0 7. a3 Be7 8. Bd3 dxc4 9. Bxc4 Nc6 10. 0-0 b6 11. Rc1 Bb7 12. Qe2 Na5 13. Ba2 Qc8 14. Rfe1 Bd6 15. Qd1 a6 16. b4 Nc6 17. Bb1 Ne7 18. Na4 Qd7 19. Nb2 a5 20. Nc4 axb4 21. Nxd6 cxd6 22. Bxb4 Rac8 23. Qe2 Ned5 24. e4 Nxb4 25. axb4 Rc7 26. e5 Nd5 27. Qd3 g6 28. b5 Rfc8 29. Rxc7 Rxc7 30. Nd2 dxe5 31. dxe5 Qe7 32. Ne4 Kh8 33. Qd2 Kg7 34. Qd4 Qd7 35. Bd3 Nf4 36. Qxd7 Rxd7 37. Bc2 Rd5 38. Nd6 Rc5 39. g3 Nh3+ 40. Kf1 Rxc2 41. Re2 Rc1+ 42. Re1 Bg2+ 43. Ke2 Rxe1+ 44. Kxe1 Bd5 45. Ke2 f6 46. f4 fxe5 47. fxe5 Ng1+ 48. Ke3 Nf3 49. Nc8 Nxe5 50. Nxb6 Nc4+ 51. Nxc4 Bxc4 52. b6 Bd5 53. Kd4 Kf7 54. Ke5 Ke7 55. g4 g5 56. h3 h6 57. Kd4 Kd6 58. Ke3 Ke5 59. Ke2 Kf4 60. Kf2 e5 61. Kg1 Kg3 62. Kf1 Kxh3 63. Kf2 Kxg4 64. Kf1 h5 65. Kg1 h4 66. Kh2 e4 67. b7 Bxb7 68. Kg2 e3+ 69. Kf1 h3 70. Kg1 h2+ 71. Kxh2 e2 72. Kg1 e1Q+ 0-1